[Хронологические выписки] (Запись № 13598991)
[ простой вид ]
| 000 -МАРКЕР | |
|---|---|
| контрольное поле | 01477nam2a2200289 4500 |
| 001 - ИДЕНТИФИКАТОР ЗАПИСИ | |
| контрольное поле | rc\2938692 |
| 005 - ИДЕНТИФИКАТОР ВЕРСИИ | |
| контрольное поле | 20110824112510.5 |
| 035 ## - ДРУГИЕ СИСТЕМНЫЕ НОМЕРА | |
| Идентификатор записи | (NLR Aleph) 007087640 |
| 100 ## - ДАННЫЕ ОБЩЕЙ ОБРАБОТКИ | |
| Данные общей обработки | 20110824d1939 |||y0rusy50 ca |
| 101 0# - ЯЗЫК РЕСУРСА | |
| Язык текста, звукозаписи и т.д. | русский |
| 102 ## - СТРАНА ПУБЛИКАЦИИ ИЛИ ПРОИЗВОДСТВА | |
| Страна публикации | Российская Федерация |
| 105 ## - ПОЛЕ КОДИРОВАННЫХ ДАННЫХ: ТЕКСТОВЫЕ МАТЕРИАЛЫ, МОНОГРАФИЧЕСКИЕ | |
| Кодированные данные о монографическом текстовом документе | h z ||||| |
| 200 1# - ЗАГЛАВИЕ И СВЕДЕНИЯ ОБ ОТВЕТСТВЕННОСТИ | |
| Основное заглавие | [Хронологические выписки] |
| Обозначение и номер части | II |
| Наименование части | [Приблизительно от 1300 до 1470] |
| 210 ## - ПУБЛИКАЦИЯ, РАСПРОСТРАНЕНИЕ И ДР. | |
| Дата издания, распространения и т.д. | 1939 |
| 215 ## - ФИЗИЧЕСКАЯ ХАРАКТЕРИСТИКА | |
| Специфическое обозначение материала и объем | VI, 412 с., 3 вкл. л. факс. |
| Другие сведения о физической характеристике | факс. |
| 300 ## - ОБЩИЕ ПРИМЕЧАНИЯ | |
| Текст примечания | Текст настоящего тома подготовлен к печати Е.А. Косминским и В.А. Гиндиным, под руководством В.В. Адоратского |
| 461 #0 - УРОВЕНЬ НАБОРА | |
| Встроенное поле | 001rc\2938689 |
| -- | 2001#$aАрхив Маркса и Энгельса$fПод ред. В. Адоратского$g[Предисл.: А. Леонтьев]$gИн-т Маркса-Энгельса-Ленина при ЦК ВКП(б)$vТ. 6 |
| -- | 700#1$aМаркс$bК.$gКарл$f1818-1883 |
| 700 #1 - ИМЯ ЛИЦА - ПЕРВИЧНАЯ ОТВЕТСТВЕННОСТЬ | |
| Начальный элемент ввода | Маркс |
| Часть имени, кроме начального элемента ввода | К. |
| Даты | 1818-1883 |
| Расширение инициалов личного имени | Карл |
| 702 #1 - ИМЯ ЛИЦА - ВТОРИЧНАЯ ОТВЕТСТВЕННОСТЬ | |
| Начальный элемент ввода | Косминский |
| Часть имени, кроме начального элемента ввода | Е. А. |
| Даты | 1886-1959 |
| Расширение инициалов личного имени | Евгений Алексеевич |
| Идентификатор авторитетной/нормативной записи | RU\NLR\AUTH\770278160 |
| Код отношения | Прочие |
| 702 #1 - ИМЯ ЛИЦА - ВТОРИЧНАЯ ОТВЕТСТВЕННОСТЬ | |
| Начальный элемент ввода | Гиндин |
| Часть имени, кроме начального элемента ввода | В. А. |
| Код отношения | Прочие |
| 702 #1 - ИМЯ ЛИЦА - ВТОРИЧНАЯ ОТВЕТСТВЕННОСТЬ | |
| Начальный элемент ввода | Адоратский |
| Часть имени, кроме начального элемента ввода | В. В. |
| Даты | 1878-1945 |
| Расширение инициалов личного имени | Владимир Викторович |
| Идентификатор авторитетной/нормативной записи | RU\NLR\AUTH\770133283 |
| Код отношения | Прочие |
| 801 #0 - ИСТОЧНИК ЗАПИСИ | |
| Страна | Российская Федерация |
| Организация | NLR |
| Правила каталогизации | psbo |
| 801 #1 - ИСТОЧНИК ЗАПИСИ | |
| Страна | Российская Федерация |
| Организация | ELAR |
| Источник данных | rusmarc |
| 852 ## - МЕСТОНАХОЖДЕНИЕ И ШИФР ХРАНЕНИЯ | |
| Идентификатор организации | NLR |
| Наименование фонда или коллекции (Sub-Location Identifier) | МЭ |
| Шифр хранения (Call Number) | 1-Д/2(6-1) |
| 942 ## - ДОПОЛНИТЕЛЬНЫЕ ЭЛЕМЕНТЫ ЗАПИСИ (АБИС) | |
| Тип экземпляра АБИС | Книга |
| 980 ## - КОЛЛЕКЦИЯ | |
| Название коллекции | Национальная библиография |
Нет доступных экземпляров.